|
|
|
|
| LEADER |
02053nam a2200529 a 4500 |
| 001 |
nkc20081831128 |
| 003 |
CZ PrNK |
| 005 |
20090421085148.0 |
| 007 |
ta |
| 008 |
090108s2008 xr ac e p 000 0 cze |
| 015 |
|
|
|a cnb001831128
|
| 020 |
|
|
|a 978-80-7041-155-1
|q (brož.)
|
| 035 |
|
|
|a (OCoLC)316677017
|
| 040 |
|
|
|a ABA001
|b cze
|
| 072 |
|
7 |
|a 007
|x Teorie systémů. Automatické systémy. Informační systémy. Kybernetika
|2 Konspekt
|9 23
|
| 072 |
|
7 |
|a 37.016
|x Učební osnovy. Vyučovací předměty. Učebnice
|2 Konspekt
|9 22
|
| 080 |
|
|
|a 001.5
|2 MRF
|
| 080 |
|
|
|a 519.7/.8
|2 MRF
|
| 080 |
|
|
|a 001.2
|2 MRF
|
| 080 |
|
|
|a 519.8
|2 MRF
|
| 080 |
|
|
|a (075.8)
|2 MRF
|
| 100 |
1 |
|
|a Bureš, Vladimír,
|d 1977-
|7 mzk2007377754
|4 aut
|
| 245 |
1 |
0 |
|a Systémové vědy a teorie /
|c Vladimír Bureš, Pavel Čech
|
| 250 |
|
|
|a Vyd. 1.
|
| 260 |
|
|
|a Hradec Králové :
|b Gaudeamus,
|c 2008
|
| 300 |
|
|
|a 192 s. :
|b il., portréty ;
|c 21 cm
|
| 500 |
|
|
|a Nad názvem: Univerzita Hradec Králové, Fakulta informatiky a managementu
|
| 500 |
|
|
|a 250 výt.
|
| 504 |
|
|
|a Obsahuje bibliografii
|
| 650 |
0 |
7 |
|a systémové vědy
|7 ph116374
|2 czenas
|
| 650 |
0 |
7 |
|a teorie systémů
|7 ph116432
|2 czenas
|
| 650 |
0 |
7 |
|a systémové inženýrství
|7 ph116373
|2 czenas
|
| 650 |
0 |
7 |
|a operační výzkum
|7 ph115594
|2 czenas
|
| 650 |
0 |
9 |
|a system sciences
|2 eczenas
|
| 650 |
0 |
9 |
|a system theory
|2 eczenas
|
| 650 |
0 |
9 |
|a systems engineering
|2 eczenas
|
| 650 |
0 |
9 |
|a operations research
|2 eczenas
|
| 655 |
|
7 |
|a učebnice vysokých škol
|7 fd133772
|2 czenas
|
| 655 |
|
9 |
|a textbooks (higher)
|2 eczenas
|
| 700 |
1 |
|
|a Čech, Pavel,
|d 1976-
|7 mzk2007430838
|4 aut
|
| 710 |
2 |
|
|a Univerzita Hradec Králové.
|b Fakulta informatiky a managementu
|7 kn20020321790
|
| 856 |
4 |
1 |
|u http://www.digitalniknihovna.cz/mzk/uuid/uuid:1cd99a10-aaa7-11e3-9d7d-005056827e51
|y Digitalizovaný dokument
|x NDK
|
| 910 |
2 |
|
|a BOA001
|b 2-1215.869
|
| 990 |
|
|
|a BK
|
| 995 |
|
|
|a 01
|
| 991 |
|
|
|b 200901
|c NOV
|
| 996 |
6 |
|
|b 2610362300
|c 2-1215.869
|l MZK
|r Sklad / do 1 hodiny
|n 4
|p p.v.
|w 000924630
|u 000010
|a 1
|e BOA001
|j MZK50
|s P
|